Diálogos (Record no. 17576)
[ view plain ]
| 000 -LEADER | |
|---|---|
| campo de control de longitud fija | 00954nam a2200229 i 4500 |
| 001 - NÚMERO DE CONTROL | |
| campo de control | 17576 |
| 003 - IDENTIFICADOR DE NÚMERO DE CONTROL | |
| campo de control | ES-MaACL |
| 005 - FECHA Y HORA DE LA ÚLTIMA TRANSACCIÓN | |
| campo de control | 20250523062556.0 |
| 007 - CAMPO FIJO DE DESCRIPCIÓN FÍSICA--INFORMACIÓN GENERAL | |
| campo de control de longitud fija | t| |
| 008 - DATOS DE LONGITUD FIJA--INFORMACIÓN GENERAL | |
| campo de control de longitud fija | 010404s2000 sp ||||1| spa d |
| 020 ## - NÚMERO INTERNACIONAL ESTÁNDAR DEL LIBRO | |
| Número Internacional Estándar del Libro | 84-8409-078-7 |
| 080 ## - NÚMERO DE LA CLASIFICACIÓN DECIMAL UNIVERSAL | |
| Número de la Clasificación Decimal Universal | 821.124-96"00" |
| 100 1# - ENTRADA PRINCIPAL--NOMBRE DE PERSONA | |
| Nombre de persona | Séneca, Lucio Anneo. |
| 9 (RLIN) | 105451 |
| 245 10 - MENCIÓN DEL TÍTULO | |
| Título | Diálogos |
| Resto del título | : De la providencia. De la firmeza del sabio. De la ira (I-II-III). De la felicidad. De la vida retirada. De la serenidad del espíritu. De la brevedad de la vida / |
| Mención de responsabilidad, etc. | Lucio Anneo Séneca ; introducciones, traducción y notas Matías López López ; prólogo Agustín García Calvo. |
| 260 ## - PUBLICACIÓN, DISTRIBUCIÓN, ETC. | |
| Lugar de publicación, distribución, etc. | Lleida : |
| Nombre del editor, distribuidor, etc. | Edicions de la Universitat de Lleida, |
| Fecha de publicación, distribución, etc. | 2000. |
| 300 ## - DESCRIPCIÓN FÍSICA | |
| Extensión | 293 p. ; |
| Dimensiones | 24 cm. |
| 700 1# - ENTRADA AGREGADA--NOMBRE PERSONAL | |
| Nombre de persona | López López, Matías. |
| 9 (RLIN) | 197609 |
| 700 1# - ENTRADA AGREGADA--NOMBRE PERSONAL | |
| Nombre de persona | García Calvo, Agustín, |
| Fechas asociadas al nombre | 1926-2012 |
| 9 (RLIN) | 233841 |
| 710 2# - ENTRADA AGREGADA--NOMBRE DE ENTIDAD CORPORATIVA | |
| Nombre de entidad corporativa o nombre de jurisdicción como elemento de entrada | Universidad de Lleida. |
| 9 (RLIN) | 7202 |
| 852 ## - LOCALIZACIÓN | |
| Ubicación | ES-MaACL |
| Número de control de estantería | L-24515 |
| Sublocalización o colección | R.129820 |
| Estatus retirado | Estado de pérdida | Estado de daño | No para préstamo | Biblioteca de origen | Biblioteca actual | Ubicación en estantería | Fecha de adquisición | Fuente de adquisición | Total de préstamos | Signatura topográfica completa | Código de barras | Visto por última vez | Precio de reemplazo | Tipo de ítem Koha |
|---|---|---|---|---|---|---|---|---|---|---|---|---|---|---|
| Biblioteca del Ateneo de Madrid | Biblioteca del Ateneo de Madrid | Depósito 2 | 17/01/2008 | L-24515 | 1017931 | 23/02/2023 | 23/02/2023 | Libro impreso |
